Mr. Sampath (Record no. 31461)

MARC details
000 -LEADER
fixed length control field 00244nam a2200109Ia 4500
082 ## - DEWEY DECIMAL CLASSIFICATION NUMBER
Classification number 82-3
Item number NAR
100 ## - MAIN ENTRY--AUTHOR NAME
Personal name Narayan, R K
245 #0 - TITLE STATEMENT
Title Mr. Sampath
260 ## - PUBLICATION, DISTRIBUTION, ETC. (IMPRINT)
Place of publication Delhi
Name of publisher Hind
Year of publication 1979
942 ## - ADDED ENTRY ELEMENTS (KOHA)
Koha item type Books
Holdings
Withdrawn status Lost status Damaged status Not for loan Home library Current library Date acquired Full call number Accession Number Koha item type
        RRII Library RRII Library 16/12/2021 82-3 NAR 12006 Books